000 01378nam2a22002531 4500
001 RU\NLR\Per\1265661
005 20250626034034.0
035 _a(NLR Aleph) 011258439
090 _a12203436
_c12203436
100 _a20161026d2016 |||y0rusy50 ca
101 0 _arus
102 _aRU
105 _ay |||||||||
200 1 _aЦаревна-лягушка
_eрусская народная сказка
210 _d2016
_aБ. м.
461 0 _1001RU\NLR\INFOCOMM10\1000175273
_12001#$aЖурнал сказок$eДет. лит.-развивающий журн. с игрушками-самоделками$eДля девочек и мальчиков, которые любят сказки и вместе с нами хотят проявить свои таланты и найти друзей$v2016, 7
_93035661
_cМ.
_d2002 -
_nБ. и.
_oДет. лит.-развивающий журн. с игрушками-самоделками : Для девочек и мальчиков, которые любят сказки и вместе с нами хотят проявить свои таланты и найти друзей
_tЖурнал сказок
_x1682-0606
_v2016, 7
801 1 _aRU
_bInfoComm
_c20040302
801 0 _aRU
_bNLR
_gPSBO
801 2 _aRU
_bNLR
_c20071121
_2rusmarc
852 _aNLR
_jП29/1030
942 _cISSUE
980 _aNB
980 _aRUSPER